Manual de derecho polt̕ico Las Fuerzas Polt̕icas y los Regm̕enes Polt̕icos / Tomo II

Detalles Bibliográficos
Autor principal: Verdugo Marinkovic, Mario
Otros Autores: Garca̕ Barzelatto, Ana Mara̕
Formato: eBook
Lenguaje:español
Publicado: [Chile] : Editorial jurd̕ica de Chile, 2011.
Materias:
Acceso en línea:Acceso restringido. Tomo II

MARC

LEADER 00000nam a22000007a 4500
005 2011100301021.0
008 111003s2011 cl |||||s|||| 00||0 spa d
020 |a 956-10-2127-7 
035 |a 5842 
040 |a vLex 
090 |c 2587  |d 2587 
100 1 |a Verdugo Marinkovic, Mario 
245 1 0 |a Manual de derecho polt̕ico   |h [Recurso electrn̤ico] :  |b Las Fuerzas Polt̕icas y los Regm̕enes Polt̕icos /  |c Mario Verdugo Marinkovic, Ana Mara̕ Garca̕ Barzelatto  |n Tomo II 
256 |a Servicio en ln̕ea. 
260 |a [Chile] :  |b Editorial jurd̕ica de Chile,  |c 2011. 
300 |a 1 recurso electrn̤ico 
506 1 |a Contenido solo disponible en los productos indicados  |d vLex Global  |d vLex Global (Academic Edition, excluding Law Schools)  |d vLex Global (U.S. Academic Edition, Law Schools)  |d vLex Global (U.S. Academic Edition, excluding Law Schools)  |d vLex Global (Academic Edition, Law Schools) 
650 0 4 |a Derecho constitucional  |z Chile 
700 1 |a Garca̕ Barzelatto, Ana Mara̕ 
740 0 |a vLex Libros (Servicio en ln̕ea) 
856 4 0 |u http://vlex.com/source/manual-derecho-politico-fuerzas-politicas-regimenes-politicos-tomo-ii-5842  |z Acceso restringido. Tomo II 
942 |c BOOK